000 00423nam a22001817a 4500
003 CEME
005 20210628202431.0
008 210315b xxu||||| |||| 00| 0 eng d
020 _a0-412-60210-5
040 _c.
082 _a621.811 TUR'P
100 _aTurton, R.K
_959882
245 _aPrinciles of turbomachinery
250 _a2ND
260 _aLONDON
_bCHAPMAN & HALL
_c1995
300 _a265P
942 _cBK
_2ddc
999 _c569756
_d569756